[Event "EYCC 2024 - O16"]
[Site "?"]
[Date "2024.08.29"]
[Round "7.1"]
[White "Dyachuk, Artem"]
[Black "Perossa, Nicolas"]
[Result "0-1"]
[BlackElo "2187"]
[WhiteElo "2263"]
[LiveChessVersion "1.4.8"]

1. e4 {[%clk 1:28:50]} e5 {[%clk 1:30:41]} 2. Nf3 {[%clk 1:29:16]} Nc6
{[%clk 1:31:07]} 3. Bb5 {[%clk 1:29:43]} a6 {[%clk 1:31:31]} 4. Ba4
{[%clk 1:30:10]} d6 {[%clk 1:31:44]} 5. c3 {[%clk 1:29:33]} f5 {[%clk 1:32:01]}
6. exf5 {[%clk 1:29:02]} Bxf5 {[%clk 1:32:29]} 7. d4 {[%clk 1:27:44]} e4
{[%clk 1:25:51]} 8. Nfd2 {[%clk 1:27:42]} d5 {[%clk 1:23:47]} 9. Nf1
{[%clk 1:22:33]} Nf6 {[%clk 1:10:42]} 10. Bg5 {[%clk 1:17:12]} Be7
{[%clk 0:49:13]} 11. Ne3 {[%clk 1:16:01]} Bg6 {[%clk 0:49:21]} 12. c4
{[%clk 1:04:25]} O-O {[%clk 0:36:21]} 13. Nc3 {[%clk 1:00:30]} Nb4
{[%clk 0:31:49]} 14. O-O {[%clk 0:58:41]} dxc4 {[%clk 0:32:00]} 15. Bc2
{[%clk 0:57:02]} b5 {[%clk 0:26:05]} 16. a4 {[%clk 0:51:09]} c6 {[%clk 0:17:23]}
17. axb5 {[%clk 0:39:34]} cxb5 {[%clk 0:17:52]} 18. b3 {[%clk 0:36:15]} Nxc2
{[%clk 0:11:36]} 19. Qxc2 {[%clk 0:36:33]} cxb3 {[%clk 0:09:07]} 20. Qxb3+
{[%clk 0:36:27]} Bf7 {[%clk 0:09:30]} 21. d5 {[%clk 0:34:55]} Nxd5
{[%clk 0:08:49]} 22. Bxe7 {[%clk 0:35:20]} Nxe7 {[%clk 0:07:20]} 23. Qb4
{[%clk 0:35:44]} Nc6 {[%clk 0:04:54]} 24. Qxe4 {[%clk 0:35:39]} Qe8
{[%clk 0:05:23]} 25. Qd3 {[%clk 0:33:18]} Qe5 {[%clk 0:03:32]} 26. Ne2
{[%clk 0:29:48]} Nb4 {[%clk 0:02:42]} 27. Qd2 {[%clk 0:29:57]} Nd5
{[%clk 0:02:22]} 28. Ng4 {[%clk 0:30:23]} Qe4 {[%clk 0:02:06]} 29. h3
{[%clk 0:30:32]} b4 {[%clk 0:00:39]} 30. Ra5 {[%clk 0:30:09]} Rfd8
{[%clk 0:00:44]} 31. Ng3 {[%clk 0:27:55]} Qf4 {[%clk 0:00:45]} 32. Qb2
{[%clk 0:28:20]} h5 {[%clk 0:00:40]} 33. Ne5 {[%clk 0:27:36]} h4 {[%clk 0:00:39]}
34. Nxf7 {[%clk 0:27:54]} Qxf7 {[%clk 0:00:51]} 35. Ne4 {[%clk 0:28:20]} Qg6
{[%clk 0:00:45]} 36. Qe5 {[%clk 0:28:17]} Nf6 {[%clk 0:00:36]} 37. Nd6
{[%clk 0:28:43]} b3 {[%clk 0:00:38]} 38. Nf5 {[%clk 0:28:55]} Qf7
{[%clk 0:00:33]} 39. Rb1 {[%clk 0:25:47]} Rd7 {[%clk 0:00:35]} 40. Nxh4
{[%clk 0:25:42]} Raa7 {[%clk 0:00:35]} 41. Qb8+ {[%clk 0:25:47]} Kh7
{[%clk 0:00:37]} 42. Nf3 {[%clk 0:26:12]} Qc4 {[%clk 0:00:31]} 43. Ng5+
{[%clk 0:23:00]} Kg6 {[%clk 0:01:00]} 44. Qg3 {[%clk 0:23:05]} Qd3
{[%clk 0:00:45]} 45. Rxb3 {[%clk 0:22:58]} Qxg3 {[%clk 0:00:59]} 46. Rxg3
{[%clk 0:23:24]} Rd1+ {[%clk 0:01:02]} 47. Kh2 {[%clk 0:23:50]} Rd5
{[%clk 0:01:07]} 48. Ne6+ {[%clk 0:23:37]} Kh7 {[%clk 0:00:43]} 49. Rga3
{[%clk 0:23:40]} Rxa5 {[%clk 0:00:47]} 50. Rxa5 {[%clk 0:24:05]} Nd7
{[%clk 0:00:44]} 51. g4 {[%clk 0:24:20]} Nb8 {[%clk 0:01:07]} 52. f4
{[%clk 0:24:09]} Nc6 {[%clk 0:01:32]} 53. Rc5 {[%clk 0:24:30]} Nb4
{[%clk 0:01:44]} 54. Ng5+ {[%clk 0:23:14]} Kh6 {[%clk 0:02:13]} 55. Kg3
{[%clk 0:23:28]} a5 {[%clk 0:02:19]} 56. Rb5 {[%clk 0:23:42]} g6 {[%clk 0:01:57]}
57. Ne6 {[%clk 0:17:05]} Nc2 {[%clk 0:01:22]} 58. Rc5 {[%clk 0:13:43]} Nb4
{[%clk 0:01:42]} 59. Rc4 {[%clk 0:12:24]} Nd5 {[%clk 0:01:35]} 60. Rd4
{[%clk 0:10:56]} Nc3 {[%clk 0:01:53]} 61. Rd3 {[%clk 0:11:05]} Nb5
{[%clk 0:01:40]} 62. Rd8 {[%clk 0:06:12]} Kh7 {[%clk 0:01:51]} 63. Kh4
{[%clk 0:05:13]} a4 {[%clk 0:01:40]} 64. Nc5 {[%clk 0:02:25]} a3 {[%clk 0:01:55]}
65. Nb3 {[%clk 0:02:35]} a2 {[%clk 0:00:45]} 66. Na1 {[%clk 0:03:02]} Kh6
{[%clk 0:00:32]} 67. Rd3 {[%clk 0:02:53]} Rc7 {[%clk 0:00:32]} 68. Rd2
{[%clk 0:02:33]} Nc3 {[%clk 0:00:48]} 69. g5+ {[%clk 0:01:06]} Kg7
{[%clk 0:01:17]} 70. Kg4 {[%clk 0:01:21]} Rb7 {[%clk 0:01:00]} 71. Rd3
{[%clk 0:00:47]} Rb1 {[%clk 0:00:52]} 72. Nc2 {[%clk 0:01:08]} Nb5
{[%clk 0:00:32]} 73. Rd7+ {[%clk 0:01:02]} Kf8 {[%clk 0:00:45]} 74. Rd5
{[%clk 0:00:38]} Rb2 {[%clk 0:00:45]} 75. Na1 {[%clk 0:00:57]} Ke7
{[%clk 0:00:40]} 76. f5 {[%clk 0:00:53]} gxf5+ {[%clk 0:00:59]} 77. Kh5
{[%clk 0:01:05]} Nc3 {[%clk 0:00:59]} 78. Re5+ {[%clk 0:01:10]} Kd6
{[%clk 0:01:04]} 79. Re3 {[%clk 0:01:35]} Nd5 {[%clk 0:01:09]} 80. Ra3
{[%clk 0:01:51]} Rg2 {[%clk 0:01:12]} 81. Kg6 {[%clk 0:01:30]} Nb4
{[%clk 0:00:34]} 82. Ra4 {[%clk 0:01:00]} Rg1 {[%clk 0:00:39]} 83. Nb3
{[%clk 0:01:04]} f4 {[%clk 0:00:32]} 84. Rxb4 {[%clk 0:01:03]} f3
{[%clk 0:00:33]} 85. Rd4+ {[%clk 0:01:16]} Ke5 {[%clk 0:00:47]} 86. Rd2
{[%clk 0:01:26]} Rg2 {[%clk 0:01:02]} 87. Rd3 {[%clk 0:01:03]} Ke4
{[%clk 0:00:49]} 88. Rd4+ {[%clk 0:01:00]} Ke3 {[%clk 0:00:53]} 89. Rd8
{[%clk 0:01:15]} f2 {[%clk 0:00:57]} 90. Re8+ {[%clk 0:01:30]} Kd3
{[%clk 0:00:58]} 91. Rf8 {[%clk 0:01:30]} Ke3 {[%clk 0:00:46]} 92. h4
{[%clk 0:00:40]} Rg3 {[%clk 0:01:07]} 93. h5 {[%clk 0:00:32]} Rf3
{[%clk 0:01:32]} 94. Rxf3+ {[%clk 0:00:33]} Kxf3 {[%clk 0:02:01]} 95. h6
{[%clk 0:00:50]} a1=Q {[%clk 0:02:21]} 96. Nxa1 {[%clk 0:01:15]} f1=Q
{[%clk 0:02:42]} 97. Nb3 {[%clk 0:01:09]} Qd3+ {[%clk 0:03:02]} 98. Kg7
{[%clk 0:01:35]} Qc3+ {[%clk 0:03:12]} 99. Kh7 {[%clk 0:01:39]} Qxb3
{[%clk 0:03:37]} 100. g6 {[%clk 0:02:05]} Qd3 {[%clk 0:03:54]} 101. Kh8
{[%clk 0:02:13]} Qd6 {[%clk 0:02:43]} 102. Kh7 {[%clk 0:02:16]} Kg4
{[%clk 0:02:47]} 103. g7 {[%clk 0:02:12]} Kh5 {[%clk 0:03:09]} 104. g8=N
{[%clk 0:02:37]} Qd7+ {[%clk 0:02:45]} 105. Kh8 {[%clk 0:03:02]} Kg6
{[%clk 0:03:08]} 0-1

[Event "EYCC 2024 - O16"]
[Site "?"]
[Date "2024.08.29"]
[Round "7.2"]
[White "Arnold, Rhys"]
[Black "Berin, Artem"]
[Result "1/2-1/2"]
[BlackElo "2237"]
[WhiteElo "2171"]
[LiveChessVersion "1.4.8"]

1. e4 {[%clk 1:30:27]} d5 {[%clk 1:30:48]} 2. exd5 {[%clk 1:30:24]} Qxd5
{[%clk 1:31:11]} 3. Nc3 {[%clk 1:30:51]} Qa5 {[%clk 1:31:34]} 4. d4
{[%clk 1:31:09]} Nf6 {[%clk 1:31:58]} 5. Nf3 {[%clk 1:27:38]} Bf5
{[%clk 1:31:02]} 6. Bd2 {[%clk 1:24:47]} c6 {[%clk 1:30:58]} 7. Bc4
{[%clk 1:24:37]} Nbd7 {[%clk 1:31:12]} 8. O-O {[%clk 1:22:26]} e6
{[%clk 1:31:06]} 9. Qe2 {[%clk 1:17:06]} Qc7 {[%clk 1:30:16]} 10. Bd3
{[%clk 0:58:26]} Bxd3 {[%clk 1:28:19]} 11. Qxd3 {[%clk 0:58:51]} Be7
{[%clk 1:28:15]} 12. Rfe1 {[%clk 0:55:58]} Rd8 {[%clk 1:26:41]} 13. Qe2
{[%clk 0:50:32]} O-O {[%clk 1:19:26]} 14. Bg5 {[%clk 0:44:11]} h6
{[%clk 1:16:13]} 15. Bh4 {[%clk 0:44:24]} Rfe8 {[%clk 1:10:32]} 16. Ne4
{[%clk 0:35:53]} c5 {[%clk 1:05:25]} 17. Nxf6+ {[%clk 0:32:35]} Nxf6
{[%clk 1:05:30]} 18. dxc5 {[%clk 0:32:05]} Qxc5 {[%clk 1:05:45]} 19. Rad1
{[%clk 0:31:50]} b5 {[%clk 0:55:32]} 20. c3 {[%clk 0:28:39]} b4 {[%clk 0:37:47]}
21. cxb4 {[%clk 0:27:38]} Qxb4 {[%clk 0:38:11]} 22. h3 {[%clk 0:27:17]} a5
{[%clk 0:37:06]} 23. Rxd8 {[%clk 0:25:04]} Rxd8 {[%clk 0:37:01]} 24. Rc1
{[%clk 0:25:30]} Bd6 {[%clk 0:32:43]} 25. Rc4 {[%clk 0:23:22]} Qb7
{[%clk 0:25:39]} 26. Bxf6 {[%clk 0:22:50]} gxf6 {[%clk 0:26:03]} 27. b3
{[%clk 0:20:05]} Bf8 {[%clk 0:25:11]} 28. Nd4 {[%clk 0:17:28]} f5
{[%clk 0:20:50]} 29. Qf3 {[%clk 0:14:22]} Rd5 {[%clk 0:18:43]} 30. Nc2
{[%clk 0:12:49]} Qd7 {[%clk 0:17:57]} 31. Ne3 {[%clk 0:11:44]} Rd2
{[%clk 0:16:31]} 32. g4 {[%clk 0:07:21]} f4 {[%clk 0:14:26]} 33. Qxf4
{[%clk 0:07:10]} Rxa2 {[%clk 0:10:46]} 34. Rc7 {[%clk 0:06:26]} Bd6
{[%clk 0:09:46]} 35. Rxd7 {[%clk 0:05:49]} Bxf4 {[%clk 0:10:10]} 36. Nc4
{[%clk 0:05:35]} a4 {[%clk 0:09:19]} 37. bxa4 {[%clk 0:05:54]} Rxa4
{[%clk 0:09:43]} 38. Rd8+ {[%clk 0:05:17]} 1/2-1/2

[Event "EYCC 2024 - O16"]
[Site "?"]
[Date "2024.08.29"]
[Round "7.3"]
[White "Podolskyi, Mykhailo"]
[Black "Hauchamps, Maxime"]
[Result "1-0"]
[BlackElo "2157"]
[WhiteElo "2329"]
[LiveChessVersion "1.4.8"]

1. d4 {[%clk 1:29:08]} Nf6 {[%clk 1:30:52]} 2. c4 {[%clk 1:29:31]} g6
{[%clk 1:31:15]} 3. Nc3 {[%clk 1:29:54]} d5 {[%clk 1:31:40]} 4. Bg5
{[%clk 1:30:14]} Bg7 {[%clk 1:32:04]} 5. e3 {[%clk 1:27:08]} c5 {[%clk 1:28:56]}
6. Nf3 {[%clk 1:21:35]} Ne4 {[%clk 1:24:49]} 7. Bh4 {[%clk 1:21:42]} Qa5
{[%clk 1:21:52]} 8. Qb3 {[%clk 1:19:59]} cxd4 {[%clk 1:12:49]} 9. exd4
{[%clk 1:18:24]} Nc6 {[%clk 1:11:07]} 10. cxd5 {[%clk 1:10:20]} Bxd4
{[%clk 1:01:10]} 11. Rc1 {[%clk 1:07:30]} Qc5 {[%clk 0:58:08]} 12. dxc6
{[%clk 1:00:18]} Bxf2+ {[%clk 0:53:48]} 13. Bxf2 {[%clk 0:59:56]} Qxf2+
{[%clk 0:52:54]} 14. Kd1 {[%clk 1:00:25]} Be6 {[%clk 0:30:27]} 15. Qc2
{[%clk 0:46:01]} Rd8+ {[%clk 0:18:11]} 16. Bd3 {[%clk 0:45:05]} Qe3
{[%clk 0:16:20]} 17. Nxe4 {[%clk 0:41:47]} Rxd3+ {[%clk 0:15:38]} 18. Ned2
{[%clk 0:40:06]} Bg4 {[%clk 0:15:47]} 19. Rf1 {[%clk 0:39:43]} O-O
{[%clk 0:15:38]} 20. h3 {[%clk 0:39:08]} Bf5 {[%clk 0:11:17]} 21. Qc5
{[%clk 0:32:05]} Qf4 {[%clk 0:11:17]} 22. c7 {[%clk 0:30:51]} e5 {[%clk 0:07:33]}
23. Rc3 {[%clk 0:28:40]} Qa4+ {[%clk 0:05:37]} 24. Ke2 {[%clk 0:26:34]} Qa6
{[%clk 0:05:58]} 25. Qc4 {[%clk 0:25:58]} Rxc3 {[%clk 0:05:24]} 26. Qxa6
{[%clk 0:24:51]} bxa6 {[%clk 0:05:52]} 27. bxc3 {[%clk 0:25:19]} Rc8
{[%clk 0:06:09]} 28. Nxe5 {[%clk 0:19:13]} Re8 {[%clk 0:06:09]} 29. Kd1
{[%clk 0:19:12]} 1-0

[Event "EYCC 2024 - O16"]
[Site "?"]
[Date "2024.08.29"]
[Round "7.4"]
[White "Hajialiyev, Islam"]
[Black "Nemec, Jachym"]
[Result "1/2-1/2"]
[BlackElo "2414"]
[WhiteElo "2173"]
[LiveChessVersion "1.4.8"]

1. e4 {[%clk 1:30:58]} c6 {[%clk 1:30:46]} 2. d4 {[%clk 1:31:22]} d5
{[%clk 1:31:11]} 3. exd5 {[%clk 1:31:42]} cxd5 {[%clk 1:31:34]} 4. Bd3
{[%clk 1:31:59]} Nf6 {[%clk 1:31:55]} 5. c3 {[%clk 1:32:13]} Bg4 {[%clk 1:32:15]}
6. Qb3 {[%clk 1:32:21]} Qc7 {[%clk 1:32:35]} 7. Ne2 {[%clk 1:31:41]} Bxe2
{[%clk 1:32:31]} 8. Bxe2 {[%clk 1:32:10]} e6 {[%clk 1:32:56]} 9. Bg5
{[%clk 1:28:29]} Ne4 {[%clk 1:30:31]} 10. Be3 {[%clk 1:28:51]} Bd6
{[%clk 1:28:08]} 11. Nd2 {[%clk 1:28:46]} Nxd2 {[%clk 1:24:46]} 12. Bxd2
{[%clk 1:28:31]} Nd7 {[%clk 1:25:12]} 13. h3 {[%clk 1:26:38]} O-O
{[%clk 1:25:31]} 14. O-O {[%clk 1:26:50]} Nb6 {[%clk 1:25:20]} 15. Bd3
{[%clk 1:25:58]} Bf4 {[%clk 1:22:43]} 16. Bxf4 {[%clk 1:23:03]} Qxf4
{[%clk 1:23:11]} 17. Rfe1 {[%clk 1:23:21]} Rab8 {[%clk 1:22:40]} 18. Re3
{[%clk 1:20:27]} Nc8 {[%clk 1:14:18]} 19. a4 {[%clk 1:10:37]} Nd6
{[%clk 1:13:30]} 20. Qb4 {[%clk 1:09:27]} Rfd8 {[%clk 1:12:34]} 21. Rae1
{[%clk 1:09:13]} Qh4 {[%clk 1:09:49]} 22. Re5 {[%clk 1:09:13]} Rd7
{[%clk 1:03:10]} 23. Qb3 {[%clk 1:04:11]} Rc8 {[%clk 0:56:29]} 24. Qd1
{[%clk 1:01:18]} g6 {[%clk 0:56:11]} 25. Qe2 {[%clk 0:57:14]} Kg7
{[%clk 0:55:27]} 26. Re3 {[%clk 0:53:05]} a6 {[%clk 0:52:08]} 27. Rf3
{[%clk 0:48:12]} Kg8 {[%clk 0:51:46]} 28. Kh2 {[%clk 0:47:48]} Rb8
{[%clk 0:50:03]} 29. Qe5 {[%clk 0:45:15]} b5 {[%clk 0:44:42]} 30. axb5
{[%clk 0:43:35]} axb5 {[%clk 0:44:57]} 31. g3 {[%clk 0:42:05]} Qh6
{[%clk 0:42:49]} 32. Rf4 {[%clk 0:37:45]} Qg7 {[%clk 0:42:20]} 33. Qe2
{[%clk 0:33:32]} b4 {[%clk 0:42:14]} 34. Ra1 {[%clk 0:32:04]} bxc3
{[%clk 0:41:52]} 35. bxc3 {[%clk 0:32:33]} Rc8 {[%clk 0:41:14]} 36. Ra3
{[%clk 0:30:52]} Rdc7 {[%clk 0:41:09]} 37. Qb2 {[%clk 0:25:31]} Qf8
{[%clk 0:38:56]} 38. Rf3 {[%clk 0:24:54]} Rb8 {[%clk 0:39:04]} 39. Qa2
{[%clk 0:23:56]} Qd8 {[%clk 0:36:35]} 40. Kg2 {[%clk 0:22:33]} Rbc8
{[%clk 0:36:26]} 41. Be2 {[%clk 0:20:56]} Ne4 {[%clk 0:35:53]} 42. Qc2
{[%clk 0:20:04]} Nd6 {[%clk 0:33:31]} 43. Qa2 {[%clk 0:18:44]} Rb8
{[%clk 0:33:21]} 44. h4 {[%clk 0:15:51]} Rcb7 {[%clk 0:30:13]} 45. Bd3
{[%clk 0:15:10]} Rb2 {[%clk 0:22:56]} 46. Qa1 {[%clk 0:15:18]} R2b3
{[%clk 0:23:10]} 47. h5 {[%clk 0:13:46]} Rxa3 {[%clk 0:22:27]} 48. Qxa3
{[%clk 0:13:05]} Rc8 {[%clk 0:22:40]} 49. hxg6 {[%clk 0:13:19]} hxg6
{[%clk 0:23:04]} 50. Re3 {[%clk 0:12:48]} Rc6 {[%clk 0:22:50]} 51. Be2
{[%clk 0:12:56]} Qc7 {[%clk 0:22:51]} 52. Qc1 {[%clk 0:12:17]} Qb6
{[%clk 0:21:36]} 53. Qa3 {[%clk 0:12:09]} Rc7 {[%clk 0:21:37]} 54. Qa8+
{[%clk 0:10:45]} Kg7 {[%clk 0:21:35]} 55. Qd8 {[%clk 0:10:02]} Rc6
{[%clk 0:16:22]} 56. Qxb6 {[%clk 0:09:55]} Rxb6 {[%clk 0:16:50]} 57. Bd3
{[%clk 0:10:08]} Rb3 {[%clk 0:17:05]} 58. Be2 {[%clk 0:10:10]} Rb2
{[%clk 0:16:31]} 59. Bd3 {[%clk 0:10:27]} Kf6 {[%clk 0:16:29]} 60. Re2
{[%clk 0:08:35]} Rxe2 {[%clk 0:09:16]} 61. Bxe2 {[%clk 0:09:03]} Ne4
{[%clk 0:09:34]} 62. c4 {[%clk 0:09:31]} Nd6 {[%clk 0:03:52]} 63. cxd5
{[%clk 0:08:47]} exd5 {[%clk 0:04:21]} 64. Bd3 {[%clk 0:09:01]} Ke6
{[%clk 0:04:40]} 65. Kf3 {[%clk 0:09:22]} Nc8 {[%clk 0:04:50]} 66. Ke3
{[%clk 0:09:43]} Ne7 {[%clk 0:05:16]} 67. Be2 {[%clk 0:09:41]} Nf5+
{[%clk 0:05:27]} 68. Kd3 {[%clk 0:10:10]} Nd6 {[%clk 0:05:49]} 69. Bd1
{[%clk 0:09:51]} f6 {[%clk 0:05:51]} 70. Bb3 {[%clk 0:10:15]} Nc8
{[%clk 0:04:44]} 71. Kc3 {[%clk 0:09:58]} Ne7 {[%clk 0:05:09]} 72. Kd3
{[%clk 0:09:58]} Kd6 {[%clk 0:05:30]} 73. Ba4 {[%clk 0:10:02]} 1/2-1/2

[Event "EYCC 2024 - O16"]
[Site "?"]
[Date "2024.08.29"]
[Round "7.5"]
[White "Salonen, Aku"]
[Black "Medhus, Vitus Bondo"]
[Result "0-1"]
[BlackElo "2310"]
[WhiteElo "2171"]
[LiveChessVersion "1.4.8"]

1. e4 {[%clk 1:30:56]} e5 {[%clk 1:30:54]} 2. Nf3 {[%clk 1:31:16]} Nc6
{[%clk 1:31:17]} 3. Bb5 {[%clk 1:31:30]} a6 {[%clk 1:31:39]} 4. Ba4
{[%clk 1:31:50]} Nf6 {[%clk 1:32:04]} 5. O-O {[%clk 1:31:53]} Be7
{[%clk 1:32:27]} 6. Re1 {[%clk 1:32:16]} b5 {[%clk 1:32:52]} 7. Bb3
{[%clk 1:32:39]} O-O {[%clk 1:33:16]} 8. a4 {[%clk 1:33:02]} b4 {[%clk 1:33:12]}
9. a5 {[%clk 1:33:20]} d6 {[%clk 1:32:35]} 10. d3 {[%clk 1:31:34]} Be6
{[%clk 1:27:07]} 11. Bxe6 {[%clk 1:28:36]} fxe6 {[%clk 1:27:31]} 12. Nbd2
{[%clk 1:28:52]} Rb8 {[%clk 1:24:33]} 13. Nb3 {[%clk 1:24:10]} Qe8
{[%clk 1:18:44]} 14. Qe2 {[%clk 1:16:47]} Nd7 {[%clk 1:07:49]} 15. d4
{[%clk 1:06:33]} Nxd4 {[%clk 1:05:36]} 16. Nfxd4 {[%clk 1:06:20]} exd4
{[%clk 1:05:50]} 17. Qxa6 {[%clk 1:04:59]} c5 {[%clk 1:02:12]} 18. f4
{[%clk 1:00:04]} e5 {[%clk 0:56:52]} 19. f5 {[%clk 0:57:11]} Nf6 {[%clk 0:47:48]}
20. Qc4+ {[%clk 0:50:44]} Kh8 {[%clk 0:46:33]} 21. Qe2 {[%clk 0:45:29]} Bd8
{[%clk 0:38:48]} 22. Nd2 {[%clk 0:43:18]} Bc7 {[%clk 0:37:17]} 23. Nc4
{[%clk 0:42:53]} Qc6 {[%clk 0:31:25]} 24. Qf3 {[%clk 0:35:35]} Rbe8
{[%clk 0:30:48]} 25. Bg5 {[%clk 0:34:19]} d5 {[%clk 0:25:55]} 26. exd5
{[%clk 0:19:45]} Qxd5 {[%clk 0:26:17]} 27. Qxd5 {[%clk 0:19:26]} Nxd5
{[%clk 0:26:40]} 28. g4 {[%clk 0:19:11]} e4 {[%clk 0:24:40]} 29. a6
{[%clk 0:19:31]} b3 {[%clk 0:20:09]} 30. cxb3 {[%clk 0:18:09]} h6
{[%clk 0:18:04]} 31. Bh4 {[%clk 0:16:09]} e3 {[%clk 0:16:24]} 32. a7
{[%clk 0:16:14]} Nb4 {[%clk 0:15:26]} 33. Re2 {[%clk 0:15:42]} Ra8
{[%clk 0:12:03]} 34. Be7 {[%clk 0:11:37]} Rfc8 {[%clk 0:11:15]} 35. Ra4
{[%clk 0:10:21]} Nd5 {[%clk 0:11:03]} 36. Bxc5 {[%clk 0:09:22]} Bxh2+
{[%clk 0:11:17]} 37. Kxh2 {[%clk 0:09:25]} Rxc5 {[%clk 0:11:39]} 38. Ne5
{[%clk 0:08:59]} Nf4 {[%clk 0:09:15]} 39. Ng6+ {[%clk 0:07:36]} Nxg6
{[%clk 0:09:38]} 40. fxg6 {[%clk 0:07:55]} Rd5 {[%clk 0:09:27]} 41. Ra1
{[%clk 0:07:54]} Rd7 {[%clk 0:08:36]} 42. Rc2 {[%clk 0:07:58]} Rdd8
{[%clk 0:08:36]} 43. Re2 {[%clk 0:07:28]} Kg8 {[%clk 0:06:48]} 44. Kg3
{[%clk 0:05:04]} Rd7 {[%clk 0:05:44]} 45. Kf4 {[%clk 0:02:34]} Raxa7
{[%clk 0:06:08]} 46. Rxa7 {[%clk 0:01:26]} Rxa7 {[%clk 0:06:33]} 47. Ke4
{[%clk 0:01:51]} Rd7 {[%clk 0:06:56]} 48. Rc2 {[%clk 0:00:36]} Kf8
{[%clk 0:07:05]} 49. Kd3 {[%clk 0:00:56]} Ke7 {[%clk 0:07:02]} 50. b4
{[%clk 0:00:47]} Kf6 {[%clk 0:06:06]} 51. b5 {[%clk 0:00:40]} Kxg6
{[%clk 0:04:06]} 52. Rc5 {[%clk 0:00:32]} Re7 {[%clk 0:04:17]} 53. Rc1
{[%clk 0:00:35]} Kg5 {[%clk 0:02:55]} 54. b6 {[%clk 0:00:41]} Rb7
{[%clk 0:02:03]} 55. Kxd4 {[%clk 0:00:35]} Rxb6 {[%clk 0:01:12]} 56. Kxe3
{[%clk 0:00:32]} Rb3+ {[%clk 0:00:57]} 57. Kf2 {[%clk 0:00:35]} Rxb2+
{[%clk 0:01:05]} 58. Kf3 {[%clk 0:01:04]} Rb3+ {[%clk 0:01:25]} 59. Kf2
{[%clk 0:01:33]} Rb4 {[%clk 0:01:37]} 60. Rc7 {[%clk 0:01:49]} g6
{[%clk 0:01:57]} 61. Rc6 {[%clk 0:01:41]} Rxg4 {[%clk 0:02:08]} 62. Kf3
{[%clk 0:01:50]} Rf4+ {[%clk 0:02:27]} 63. Kg3 {[%clk 0:02:03]} Rf5
{[%clk 0:02:50]} 64. Kh3 {[%clk 0:02:19]} h5 {[%clk 0:03:12]} 65. Kg3
{[%clk 0:02:45]} Re5 {[%clk 0:03:17]} 66. Kh3 {[%clk 0:02:53]} Ra5
{[%clk 0:03:39]} 67. Rc4 {[%clk 0:03:14]} Ra3+ {[%clk 0:03:47]} 68. Kg2
{[%clk 0:03:41]} h4 {[%clk 0:03:53]} 69. Kh2 {[%clk 0:04:04]} Kh5
{[%clk 0:03:57]} 70. Rc5+ {[%clk 0:04:25]} g5 {[%clk 0:04:21]} 71. Rb5
{[%clk 0:04:46]} Rf3 {[%clk 0:04:14]} 72. Rb4 {[%clk 0:04:47]} Rf2+
{[%clk 0:03:48]} 73. Kg1 {[%clk 0:05:04]} Ra2 {[%clk 0:04:10]} 74. Rb3
{[%clk 0:05:24]} Rd2 {[%clk 0:04:08]} 75. Rc3 {[%clk 0:05:38]} Rd5
{[%clk 0:04:32]} 76. Kg2 {[%clk 0:05:42]} g4 {[%clk 0:04:54]} 77. Rc8
{[%clk 0:06:06]} Rd2+ {[%clk 0:05:09]} 78. Kh1 {[%clk 0:06:25]} h3
{[%clk 0:05:31]} 79. Rc3 {[%clk 0:06:15]} Rd4 {[%clk 0:05:46]} 80. Kh2
{[%clk 0:06:31]} Kh4 {[%clk 0:06:09]} 81. Rc1 {[%clk 0:06:48]} g3+
{[%clk 0:06:01]} 82. Kh1 {[%clk 0:07:14]} h2 {[%clk 0:05:19]} 83. Rf1
{[%clk 0:07:05]} Kh3 {[%clk 0:05:14]} 84. Rf2 {[%clk 0:06:56]} Rd1+
{[%clk 0:05:35]} 85. Rf1 {[%clk 0:07:23]} Rxf1# 0-1

[Event "EYCC 2024 - O16"]
[Site "?"]
[Date "2024.08.29"]
[Round "7.6"]
[White "Musial, Igor"]
[Black "Kolimar, Kristof Pal"]
[Result "1-0"]
[BlackElo "2306"]
[WhiteElo "2142"]
[LiveChessVersion "1.4.8"]

1. e4 {[%clk 1:30:57]} c5 {[%clk 1:30:55]} 2. Nf3 {[%clk 1:31:23]} d6
{[%clk 1:31:19]} 3. d4 {[%clk 1:31:48]} cxd4 {[%clk 1:31:45]} 4. Nxd4
{[%clk 1:32:12]} Nf6 {[%clk 1:32:10]} 5. Nc3 {[%clk 1:32:37]} a6 {[%clk 1:32:36]}
6. h3 {[%clk 1:33:03]} e6 {[%clk 1:31:47]} 7. g4 {[%clk 1:33:18]} h6
{[%clk 1:30:48]} 8. Bg2 {[%clk 1:33:36]} g5 {[%clk 1:30:47]} 9. Be3
{[%clk 1:16:26]} Nbd7 {[%clk 1:31:02]} 10. Qe2 {[%clk 1:16:07]} Ne5
{[%clk 1:30:47]} 11. O-O-O {[%clk 1:16:20]} Qc7 {[%clk 1:29:17]} 12. h4
{[%clk 1:06:24]} Nfxg4 {[%clk 1:13:04]} 13. hxg5 {[%clk 1:05:11]} Nxe3
{[%clk 1:13:21]} 14. Qxe3 {[%clk 1:05:31]} Nc4 {[%clk 1:12:58]} 15. Qe2
{[%clk 1:03:49]} Bd7 {[%clk 0:54:03]} 16. g6 {[%clk 0:55:41]} Bg7
{[%clk 0:36:32]} 17. gxf7+ {[%clk 0:51:29]} Kxf7 {[%clk 0:36:50]} 18. e5
{[%clk 0:37:28]} Rhc8 {[%clk 0:17:30]} 19. Qf3+ {[%clk 0:33:18]} Kg8
{[%clk 0:14:55]} 20. Qxb7 {[%clk 0:33:18]} Rab8 {[%clk 0:14:29]} 21. Qxc7
{[%clk 0:33:22]} Rxc7 {[%clk 0:14:58]} 22. exd6 {[%clk 0:26:25]} Rc5
{[%clk 0:14:35]} 23. b3 {[%clk 0:22:21]} Na3 {[%clk 0:07:19]} 24. Nde2
{[%clk 0:08:16]} Rbc8 {[%clk 0:05:10]} 25. Rh3 {[%clk 0:06:02]} Nb5
{[%clk 0:05:27]} 26. Bb7 {[%clk 0:06:05]} Nxc3 {[%clk 0:03:22]} 27. Nxc3
{[%clk 0:06:29]} Rxc3 {[%clk 0:03:51]} 28. Bxc8 {[%clk 0:06:49]} Rxc8
{[%clk 0:04:20]} 29. Rh4 {[%clk 0:04:13]} Kf7 {[%clk 0:03:40]} 30. Rb4
{[%clk 0:03:45]} e5 {[%clk 0:02:43]} 31. f4 {[%clk 0:01:43]} Ke6 {[%clk 0:03:10]}
32. fxe5 {[%clk 0:01:44]} Bxe5 {[%clk 0:03:34]} 33. Kb1 {[%clk 0:02:03]} Bc6
{[%clk 0:03:06]} 34. Rh4 {[%clk 0:01:48]} Rh8 {[%clk 0:03:21]} 35. Rg1
{[%clk 0:01:35]} h5 {[%clk 0:01:56]} 36. Rg5 {[%clk 0:01:11]} Bf3
{[%clk 0:01:14]} 37. d7 {[%clk 0:00:42]} Bf6 {[%clk 0:01:36]} 38. Rg6
{[%clk 0:01:09]} Kf7 {[%clk 0:00:34]} 39. Rxf6+ {[%clk 0:01:33]} Kxf6
{[%clk 0:01:04]} 40. Rf4+ {[%clk 0:02:03]} Ke7 41. Rxf3 {[%clk 0:02:22]} Kxd7
{[%clk 0:02:02]} 42. Rh3 {[%clk 0:02:09]} h4 {[%clk 0:02:28]} 43. c4
{[%clk 0:02:29]} Ke6 {[%clk 0:02:46]} 44. Kc2 {[%clk 0:02:51]} Kf5
{[%clk 0:02:26]} 45. Kc3 {[%clk 0:03:16]} Kg4 {[%clk 0:00:46]} 46. Rh1
{[%clk 0:03:40]} Kg3 {[%clk 0:00:51]} 47. c5 {[%clk 0:01:59]} Kg2
{[%clk 0:01:15]} 48. Rc1 {[%clk 0:02:14]} h3 {[%clk 0:01:05]} 49. Kb4
{[%clk 0:02:17]} h2 {[%clk 0:00:40]} 50. c6 {[%clk 0:01:26]} Rf8 {[%clk 0:00:41]}
51. Ka5 {[%clk 0:01:44]} Rf1 {[%clk 0:00:49]} 52. Rxf1 {[%clk 0:02:02]} Kxf1
{[%clk 0:01:16]} 53. c7 {[%clk 0:02:31]} h1=Q {[%clk 0:01:36]} 54. c8=Q
{[%clk 0:02:57]} Qd5+ {[%clk 0:00:32]} 55. Kxa6 {[%clk 0:03:16]} Qd6+
{[%clk 0:00:53]} 56. Kb5 {[%clk 0:03:28]} Qd5+ {[%clk 0:00:32]} 57. Ka4
{[%clk 0:03:11]} Kg1 {[%clk 0:00:40]} 58. a3 {[%clk 0:02:41]} Qd4+
{[%clk 0:00:59]} 59. Qc4 {[%clk 0:01:25]} Qa7+ {[%clk 0:01:26]} 60. Kb4
{[%clk 0:01:52]} Qb6+ {[%clk 0:01:39]} 61. Kc3 {[%clk 0:02:02]} Qe3+
{[%clk 0:01:28]} 62. Kb2 {[%clk 0:02:26]} Qe5+ {[%clk 0:01:18]} 63. Qc3
{[%clk 0:02:52]} Qe2+ {[%clk 0:00:33]} 64. Qc2 {[%clk 0:03:17]} Qe5+
{[%clk 0:01:00]} 65. Ka2 {[%clk 0:03:44]} Kh1 {[%clk 0:01:26]} 66. Qd2
{[%clk 0:03:57]} Qe4 {[%clk 0:01:10]} 67. a4 {[%clk 0:04:04]} Qe5
{[%clk 0:01:32]} 68. Qc1+ {[%clk 0:04:28]} 1-0